Bayern ... oder Baden-Württemberg? - Statistiken

Allgemein
  • Dieses Quiz wurde 234 mal gespielt
  • Das Durchschnittsergebnis liegt bei 12 aus 15
Antwortstatistiken
Frage Antwort % Korrekt
Hier fanden schon die olympischen Spiele statt. Bayern
97%
Hier liegt der berühmte Kurort Baden-Baden. Baden-Württemberg
94%
Bekannt für die Bayreuther Festspiele. Bayern
94%
BMW ist nach diesem Bundesland benannt. Bayern
92%
Bekannt für den Hockenheimring. Baden-Württemberg
89%
Hat in der Saison 2024/25 zwei Vereine aus Nicht-Großstädten in der Bundesliga; diese enden auf das gleiche Suffix. Baden-Württemberg
87%
Hier befindet sich das Bundesverfassungsgericht. Baden-Württemberg
84%
Hier wurden Albert Einstein und Friedrich Schiller geboren. Baden-Württemberg
82%
Steht unter den deutschen Bundesländern sowohl in puncto Einwohnerzahl, als auch bei der Fläche auf Platz 3. Baden-Württemberg
82%
Hier entspringt die Donau. Baden-Württemberg
81%
Hat eine höhere Bevölkerungsdichte. Baden-Württemberg
80%
Kopiert eine Großstadt direkt hinter der Grenze zum jeweiligen anderen Bundesland mit dem Namenszusatz "Neu". Bayern
78%
Hier liegt das Legoland Deutschland. Bayern
74%
Hier fuhr Deutschlands erste Eisenbahn. Bayern
73%
Hat die längere Grenze mit Hessen. Bayern
58%
Keine übereinstimmenden Quizze gefunden
Verteilung der Resultate
Anzahl Personen mit jedem Resultat
Perzentil nach korrekt beantworteten Fragen
Ihre Resultats-Entwicklung
Sie haben dieses Quiz noch nicht gespielt